Illinois and the thirteenth amendment to the constitution of the United States. (Record no. 52227)
[ view plain ]
| 000 -LEADER | |
|---|---|
| fixed length control field | 01137cam a22003011 4500 |
| 001 - CONTROL NUMBER | |
| control field | rc 01002022 |
| 003 - CONTROL NUMBER IDENTIFIER | |
| control field | DLC |
| 005 - DATE AND TIME OF LATEST TRANSACTION | |
| control field | 20260227111905.0 |
| 007 - PHYSICAL DESCRIPTION FIXED FIELD--GENERAL INFORMATION | |
| fixed length control field | cr_||||||||||| |
| 008 - FIXED-LENGTH DATA ELEMENTS--GENERAL INFORMATION | |
| fixed length control field | 881012s1884 ctu 000 0 eng |
| 010 ## - LIBRARY OF CONGRESS CONTROL NUMBER | |
| LC control number | rc 01002022 |
| 035 ## - SYSTEM CONTROL NUMBER | |
| System control number | (OCoLC)18753211 |
| 040 ## - CATALOGING SOURCE | |
| Original cataloging agency | DLC |
| Transcribing agency | NN |
| Modifying agency | IC |
| -- | DLC |
| 043 ## - GEOGRAPHIC AREA CODE | |
| Geographic area code | n-us-il |
| 050 00 - LIBRARY OF CONGRESS CALL NUMBER | |
| Classification number | F546 |
| Item number | .B87 |
| 051 ## - LIBRARY OF CONGRESS COPY, ISSUE, OFFPRINT STATEMENT | |
| Classification number | YA [20538] |
| Copy information | Copy no. undetermined. |
| 100 1# - MAIN ENTRY--PERSONAL NAME | |
| Personal name | Bross, William, |
| Dates associated with a name | 1813-1890. |
| 245 10 - TITLE STATEMENT | |
| Title | Illinois and the thirteenth amendment to the constitution of the United States. |
| Remainder of title | A paper read before the Chicago historical society, Jan. 15, 1884, |
| Statement of responsibility, etc. | by William Bross. |
| 260 ## - PUBLICATION, DISTRIBUTION, ETC. | |
| Place of publication, distribution, etc. | Chicago, |
| Name of publisher, distributor, etc. | Jansen, McClurg & co., |
| Date of publication, distribution, etc. | 1884. |
| 300 ## - PHYSICAL DESCRIPTION | |
| Extent | 8 p. |
| Dimensions | 23 cm. |
| 530 ## - ADDITIONAL PHYSICAL FORM AVAILABLE NOTE | |
| Additional physical form available note | Also available in digital form on the Internet Archive Web site. |
| 610 10 - SUBJECT ADDED ENTRY--CORPORATE NAME | |
| Corporate name or jurisdiction name as entry element | United States. |
| Title of a work | Constitution. |
| Number of part/section/meeting | 15th Amendment. |
| 651 #0 - SUBJECT ADDED ENTRY--GEOGRAPHIC NAME | |
| Geographic name | Illinois |
| General subdivision | Politics and government |
| Chronological subdivision | 1861-1865. |
| 610 10 - SUBJECT ADDED ENTRY--CORPORATE NAME | |
| Corporate name or jurisdiction name as entry element | Illinois. |
| Subordinate unit | General Assembly. |
| 710 2# - ADDED ENTRY--CORPORATE NAME | |
| Corporate name or jurisdiction name as entry element | Chicago Historical Society. |
| 710 2# - ADDED ENTRY--CORPORATE NAME | |
| Corporate name or jurisdiction name as entry element | YA Pamphlet Collection (Library of Congress) |
| Institution to which field applies | DLC |
| 856 41 - ELECTRONIC LOCATION AND ACCESS | |
| Uniform Resource Identifier | <a href="http://hdl.loc.gov/loc.gdc/scd0001.00147520773">http://hdl.loc.gov/loc.gdc/scd0001.00147520773</a> |
No items available.